| 000 | 00547nam a2200205Ia 4500 | ||
|---|---|---|---|
| 003 | GCL | ||
| 008 | 140319s9999 xx 000 0 eng d | ||
| 040 |
_aGCL / _cGCL |
||
| 082 | 0 | 4 |
_a341.481 _bS I |
| 100 | 1 | _aALSTON, PHILIP | |
| 245 | 1 | 0 |
_aINTERNATIONAL HUMAN RIGHTS IN CONTEXT: LAW, POLITICS AND MORALS / _cALSTON, PHILIP |
| 700 | 1 | _aSTEINER, HENRY | |
| 260 |
_a[S.N] : _bCALSENDON PRESS ، _c1996 |
||
| 300 | _a1245 P | ||
| 650 | 0 | 4 | _aHUMAN RIGHTS |
| 650 | 0 | 4 | _aLAW |
| 650 | 0 | 4 | _aINTERNATIONAL LAW |
| 650 | 0 | 4 | _aPOLICY |
| 942 |
_2ddc _cBK |
||
| 999 |
_c14411 _d14411 |
||